000 00515nam a2200181Ia 4500
003 OSt
005 20240401114842.0
008 210210b1958 xxu||||| |||| 00| 0 eng d
040 _cAL
041 _aKannada
082 _a856/48
100 _aNARAYANARAV (A) ನಾರಾಯಣರಾವ್(ಅ)
_9157498
245 _aPranishastra ಪ್ರಾಣಿಶಾಸ್ತ್ರ
260 _aMaisuru
_bMaisuru Vishvavidyalaya
_c1958
690 _aKannada Miscellaneous
_9157499
906 _a020299
942 _2ddc
_cBK
999 _c144451
_d144451